Top 10 US states by proven oil & natural gas reserves - Statistics

General Stats
  • This quiz has been taken 335 times
  • The average score is 15 of 20
Answer Stats
Rank State Million barrels % Correct
Crude oil reserves 1 Texas 14,058
99%
Natural gas reserves 1 Texas 105,955
99%
Crude oil reserves 3 California 2,874
94%
Crude oil reserves 4 Alaska 2,857
88%
Crude oil reserves 6 New Mexico 1,558
84%
Natural gas reserves 7 New Mexico 16,426
84%
Crude oil reserves 2 North Dakota 6,045
82%
Crude oil reserves 5 Oklahoma 1,721
82%
Natural gas reserves 3 Oklahoma 34,319
82%
Natural gas reserves 6 Louisiana 23,258
77%
Crude oil reserves 7 Colorado 1,451
74%
Crude oil reserves 9 Louisiana 649
72%
Crude oil reserves 8 Wyoming 1,137
70%
Natural gas reserves 5 Wyoming 28,787
70%
Crude oil reserves 10 Utah 606
69%
Natural gas reserves 2 Pennsylvania 60,443
64%
Natural gas reserves 10 Utah 6,970
64%
Natural gas reserves 9 Ohio 7,193
61%
Natural gas reserves 8 Arkansas 12,795
56%
Natural gas reserves 4 West Virginia 31,153
42%
No matching quizzes found
Score Distribution
Percent of People with Each Score
Percentile by Number Answered
Your Score History
You have not taken this quiz